[Event "AUTO-INT-1674"]
[Site "http://www.queenalice.com/game.php?id=762073"]
[Date "2010.4.16"]
[Round "1"]
[White "Givanildo"]
[Black "aravindkannankara"]
[Result "0-1"]
[WhiteElo "1421"]
[BlackElo "1550"]

1. e3 e5 2. Nf3 Nc6 3. c3 d5 4. Bb5 Qf6 5. h3 g5 6. g4 Bd7 7. Bxc6 Bxc6 8. d4 e4
9. Nfd2 O-O-O 10. a4 Qg6 11. h4 h5 12. f4 gxf4 13. gxh5 Rxh5 14. Nf1 Qg2 15.
Qxh5 Qxh1 16. Qg4+ Kb8 17. Qxf4 Bd6 18. Qg5 Be7 19. Qf5 Bd7 20. Qxf7 Rf8 21. Qf4
Rxf4 22. exf4 Bxh4+ 23. Ke2 Bg4+ 24. Kd2 Qxf1 25. Kc2 Qd1# 0-1

[Event "AUTO-INT-1697"]
[Site "http://www.queenalice.com/game.php?id=774273"]
[Date "2010.5.12"]
[Round "1"]
[White "polly"]
[Black "aravindkannankara"]
[Result "1/2-1/2"]
[WhiteElo "1595"]
[BlackElo "1582"]

1. e4 e5 2. Nf3 Nc6 3. g3 Nf6 4. Nc3 Bb4 5. Bg2 d6 6. O-O Bxc3 7. dxc3 O-O 8.
Qd3 Bg4 9. h3 Bxf3 10. Qxf3 b6 11. Bg5 d5 12. Bxf6 dxe4 13. Bxd8 exf3 14. Bxf3
Raxd8 15. Bxc6 Rd2 16. Rac1 f5 17. Ba4 a6 18. Rce1 e4 19. f3 exf3 20. Rxf3 c5
21. Ref1 b5 22. Rxf5 Rxf5 23. Rxf5 bxa4 24. Rxc5 Rxc2 25. Rc8+ Kf7 26. Rc7+ Kf8
27. Ra7 Rxb2 28. Rxa6 Rxa2 29. c4 a3 30. c5 Ke8 31. c6 Kd8 32. Ra7 Rc2 33. c7+
Rxc7 34. Rxa3 Ke7 35. Ra8 Kf6 36. Kf2 h6 37. Ra6+ Kf7 38. Ra2 g6 39. h4 Rc1 40.
Ra7+ Kf6 41. Rh7 h5 42. Rb7 Rc2+ 1/2-1/2

[Event "AUTO-INT-1697"]
[Site "http://www.queenalice.com/game.php?id=774274"]
[Date "2010.5.12"]
[Round "1"]
[White "aravindkannankara"]
[Black "polly"]
[Result "1-0"]
[WhiteElo "1564"]
[BlackElo "1613"]

1. e4 e5 2. Nf3 Nc6 3. Bc4 h6 4. Nc3 Nf6 5. d4 d6 6. dxe5 dxe5 7. Qxd8+ Nxd8 8.
Nxe5 Be6 9. Bxe6 Nxe6 10. O-O Bd6 11. Nc4 Be7 12. Na5 Rb8 13. Re1 Bb4 14. Nc4
O-O 15. Re2 Bxc3 16. bxc3 Rfd8 17. Ba3 Re8 18. Rd1 Nf4 19. Re3 Nxe4 20. Rde1 Nf6
21. Be7 N4d5 22. Re5 b5 23. Na5 Nxc3 24. Bxf6 gxf6 25. Rxe8+ Rxe8 26. Rxe8+ Kg7
27. Re7 Nxa2 28. Rxc7 b4 29. Rxa7 Nc3 30. Rb7 Nd5 31. Rb5 Nf4 32. Rxb4 Ne2+ 33.
Kf1 Nc1 34. c4 Na2 35. Rb8 Nc3 36. c5 Nd5 37. c6 Nc7 38. Rb7 Na8 39. Ra7 Nb6 40.
c7 Nc8 41. Ra8 Nb6 42. Rb8 1-0

[Event "AUTO-INT-1697"]
[Site "http://www.queenalice.com/game.php?id=774287"]
[Date "2010.5.12"]
[Round "1"]
[White "aravindkannankara"]
[Black "wladimir"]
[Result "1-0"]
[WhiteElo "1583"]
[BlackElo "1406"]

1. e4 e5 2. Nf3 Nc6 3. Bc4 Nf6 4. Ng5 d5 5. exd5 Nxd5 6. Qf3 Be6 7. d3 Ncb4 8.
Na3 Be7 9. Nxe6 fxe6 10. O-O c6 11. Qh5+ g6 12. Qxe5 Rf8 13. Qg7 Qd6 14. Qxh7
Bd8 15. Qxg6+ Rf7 16. Bh6 Bc7 17. g3 b5 18. Qg8+ Rf8 19. Bxf8 Qxf8 20. Qxe6+ Ne7
21. Bb3 a5 22. c3 Nxd3 23. Bc2 Rd8 24. Bxd3 Rxd3 25. Rfe1 Rd2 26. Qc8+ Bd8 27.
Qxc6+ Kf7 28. Qf3+ Ke8 29. Qh5+ Kd7 30. Qxb5+ Nc6 31. Re2 Qf3 32. Rxd2+ Kc7 33.
Rad1 1-0

[Event "AUTO-INT-1697"]
[Site "http://www.queenalice.com/game.php?id=774288"]
[Date "2010.5.12"]
[Round "1"]
[White "wladimir"]
[Black "aravindkannankara"]
[Result "0-1"]
[WhiteElo "1516"]
[BlackElo "1599"]

1. e4 e5 2. Nf3 Nc6 3. Nc3 Nf6 4. Bc4 Bb4 5. Ng5 Bxc3 6. Nxf7 Qe7 7. Nxh8 Ba5 8.
c3 Nd8 9. b4 Bb6 10. d3 Qf8 11. a4 a6 12. a5 Ba7 13. Bg5 Qxh8 14. Bxf6 gxf6 15.
Qh5+ Ke7 16. d4 d6 17. Rb1 Ne6 18. b5 Ng5 19. dxe5 dxe5 20. h4 Be6 21. hxg5 Bxc4
22. gxf6+ Qxf6 23. Qxh7+ Bf7 24. O-O Rh8 25. Qf5 Qh6 26. Qxe5+ Kf8 27. Qxc7 Qh1#
0-1

[Event "AUTO-INT-1697"]
[Site "http://www.queenalice.com/game.php?id=774289"]
[Date "2010.5.12"]
[Round "1"]
[White "aravindkannankara"]
[Black "Givanildo"]
[Result "1-0"]
[WhiteElo "1566"]
[BlackElo "1560"]

1. e4 e5 2. Nf3 Bd6 3. Bc4 Nh6 4. d3 Ng4 5. Ng5 h5 6. Nxf7 Qf6 7. f3 Nh6 8. Nxh8
g5 9. Nc3 Qxh8 10. Bxg5 Bc5 11. Qd2 Qg8 12. Bxh6 Qxg2 13. Qxg2 d6 14. Qg8+ Kd7
15. Be6+ Kc6 16. Qxc8 Kb6 17. Bd5 c6 18. Na4+ Ka5 19. Nxc5 a6 20. Qxb7 cxd5 21.
Qxa8 dxc5 22. Qxb8 dxe4 23. dxe4 h4 24. Qxe5 Kb5 25. O-O-O a5 26. Rd5 Kb4 27.
Rxc5 h3 28. Qc3+ Ka4 29. Qc4# 1-0

[Event "AUTO-INT-1697"]
[Site "http://www.queenalice.com/game.php?id=774290"]
[Date "2010.5.12"]
[Round "1"]
[White "Givanildo"]
[Black "aravindkannankara"]
[Result "1/2-1/2"]
[WhiteElo "1543"]
[BlackElo "1601"]

1. e4 Nc6 2. c3 e5 3. Bb5 Nf6 4. f3 b6 5. Nh3 Bb7 6. Bc4 d5 7. exd5 Nxd5 8. d4
exd4 9. Bg5 f6 10. Bd2 dxc3 11. bxc3 Ne5 12. Bb5+ c6 13. Ba4 Nc4 14. Bc1 Qe7+
15. Kf2 Qc5+ 16. Kg3 Bd6+ 17. f4 O-O-O 18. Bb3 h5 19. Bxc4 Qxc4 20. Qf1 Qxf1 21.
Rxf1 Rhe8 22. Bd2 g6 23. c4 Ne3 24. Rf3 Nc2 25. Nc3 Nxa1 26. Na4 Re2 27. Bc3
Rxa2 28. Bxf6 Rf8 29. Nc3 Ra3 30. Ng5 Rxf6 31. h4 c5 32. Nb5 Bxf4+ 33. Kh3 Rxf3+
34. gxf3 Bxg5 35. hxg5 Rxf3+ 36. Kh4 a6 37. Nd6+ Kc7 38. Nxb7 Kxb7 1/2-1/2

[Event "AUTO-INT-1726"]
[Site "http://www.queenalice.com/game.php?id=789115"]
[Date "2010.6.12"]
[Round "1"]
[White "aravindkannankara"]
[Black "rodrigohuii"]
[Result "0-1"]
[WhiteElo "1565"]
[BlackElo "1607"]

1. e4 e5 2. Nf3 d5 3. exd5 Qxd5 4. Nc3 Qc5 5. d4 exd4 6. Qxd4 Bf5 7. Qxc5 Bxc5
8. Bc4 Nc6 9. O-O Nge7 10. Bf4 O-O-O 11. Nb5 a6 12. Nc3 Bxc2 13. g3 f6 14. b3 g5
15. Bd2 Ne5 16. Nxe5 fxe5 17. Bxg5 Rdf8 18. Bxe7 Bxe7 19. Nd5 Bf6 20. Rae1 b5
21. Nxf6 bxc4 22. Ng4 Bd3 23. bxc4 Bxf1 24. Kxf1 Rhg8 25. Nxe5 Rf5 26. Nc6 Rgf8
27. Re2 Rc5 28. Ne5 Re8 29. f4 Kd8 0-1

[Event "AUTO-INT-1726"]
[Site "http://www.queenalice.com/game.php?id=789116"]
[Date "2010.6.12"]
[Round "1"]
[White "rodrigohuii"]
[Black "aravindkannankara"]
[Result "1-0"]
[WhiteElo "1621"]
[BlackElo "1551"]

1. e4 e5 2. Nf3 Nc6 3. Bb5 Qf6 4. Bxc6 bxc6 5. b3 d5 6. d3 d4 7. Bg5 Qd6 8. Nbd2
Be7 9. Nc4 Qe6 10. O-O Bxg5 11. Nxg5 Qf6 12. Nf3 Bg4 13. Ncxe5 Bxf3 14. Nxf3 Ne7
15. a4 O-O 16. h3 c5 17. Nd2 Nc6 18. Nc4 a5 19. Qg4 Ne5 20. Nxe5 Qxe5 21. f4 Qe6
22. f5 Qf6 23. Qf4 Ra7 24. g4 h6 25. Rfc1 c6 26. e5 Qg5 27. Qf3 Rc7 28. Qg3 Re8
29. e6 fxe6 30. Qxc7 1-0

[Event "AUTO-INT-1726"]
[Site "http://www.queenalice.com/game.php?id=789117"]
[Date "2010.6.12"]
[Round "1"]
[White "aravindkannankara"]
[Black "Adinirso"]
[Result "1-0"]
[WhiteElo "1536"]
[BlackElo "1424"]

1. e4 e5 2. Nf3 Nc6 3. Bb5 Bd6 4. Bxc6 dxc6 5. O-O Nf6 6. d4 exd4 7. e5 Bxe5 8.
Nxe5 O-O 9. Bg5 Qd6 10. Bxf6 gxf6 11. Nc4 Qd5 12. b3 Be6 13. Qe2 Rae8 14. Qd3 c5
15. Nbd2 Bd7 16. Ne3 Qg5 17. Ndc4 1-0

[Event "AUTO-INT-1726"]
[Site "http://www.queenalice.com/game.php?id=789118"]
[Date "2010.6.12"]
[Round "1"]
[White "Adinirso"]
[Black "aravindkannankara"]
[Result "0-1"]
[WhiteElo "1412"]
[BlackElo "1548"]

1. e4 e5 2. Nf3 Nf6 3. Nc3 Bb4 4. Bd3 Bxc3 5. dxc3 d5 6. Nd2 O-O 7. O-O c5 8.
exd5 Qxd5 9. c4 Qc6 10. h3 e4 11. Be2 b6 12. Nb3 Bf5 13. Be3 Nbd7 14. Re1 Rad8
15. Nd2 h6 16. c3 Qe6 17. a3 Ne5 18. b3 Rd7 0-1

[Event "Let's Play Chess!"]
[Site "http://www.queenalice.com/game.php?id=941789"]
[Date "2011.5.23"]
[Round "-"]
[White "aravindkannankara"]
[Black "lafasouza"]
[Result "0-1"]
[WhiteElo "1504"]
[BlackElo "1677"]

1. e4 g6 2. Nc3 Bg7 3. d4 d6 4. Nf3 Bg4 5. Be2 Bxf3 6. Bxf3 Nc6 7. Be3 Nf6 8. e5
dxe5 9. Bxc6+ bxc6 10. dxe5 Nd7 11. f4 e6 12. Qd4 c5 13. Qc4 Qh4+ 14. g3 Qg4 15.
Nb5 Kd8 0-1